[Event "Titled Tuesday 2024.07.23 Late"]
[Site "chess.com INT"]
[Date "2024.07.23"]
[Round "8"]
[White "Radhakrishnan, Sharath"]
[Black "Le Quang Long"]
[Result "1-0"]
[WhiteElo "2033"]
[BlackElo "2380"]
[PlyCount "115"]
[GameId "2130307541146657"]
[EventDate "2024.07.23"]
[EventType "swiss (blitz)"]
[EventRounds "11"]
[EventCountry "NET"]
[SourceTitle "The Week in Chess 1551"]
[Source "Mark Crowther"]
[SourceDate "2024.07.29"]
[SourceVersion "1"]
[SourceVersionDate "2024.07.29"]
[SourceQuality "2"]

1. d4 Nf6 2. c4 e6 3. Nc3 c5 4. d5 exd5 5. cxd5 d6 6. e4 g6 7. f4 Bg7 8. Nf3 O-O 9. Bd3 Re8 10. O-O c4 11. Bc2 Qb6+ 12. Kh1 Nbd7 13. h3 Nc5 14. e5 Nh5 15. Kh2 dxe5 16. fxe5 Rxe5 17. g4 Qd6 18. Kg2 Nf6 19. Nxe5 Qxe5 20. Bf4 Qe8 21. Re1 Qd8 22. Qe2 Bd7 23. Rad1 h5 24. g5 Nh7 25. Qe7 Qb6 26. Re2 Qxb2 27. Qxc5 Qxc3 28. Qe3 Qa5 29. d6 Nf8 30. Qe7 Re8 31. Qxe8 Bxe8 32. Rxe8 Kh7 33. d7 Nxd7 34. Rxd7 Qxa2 35. Re2 c3 36. Rxb7 Qd5+ 37. Be4 Qc4 38. Kf3 a5 39. Rc7 Qd4 40. Rxf7 Kg8 41. Rc7 Qg1 42. Bxg6 Qf1+ 43. Rf2 Qxh3+ 44. Bg3 Qg4+ 45. Kg2 h4 46. Rf3 h3+ 47. Kf2 Bd4+ 48. Ke2 Qxg5 49. Rc8+ Kg7 50. Rf7+ Kxg6 51. Rg8+ Kxf7 52. Rxg5 Ke6 53. Kd3 c2 54. Kxc2 Bg1 55. Bb8 h2 56. Rh5 Kd7 57. Bxh2 Bc5 58. Rxc5 1-0

[Event "Titled Tuesday 2024.07.16 Early"]
[Site "chess.com INT"]
[Date "2024.07.16"]
[Round "1"]
[White "Korol, D."]
[Black "Le Quang Long"]
[Result "0-1"]
[WhiteElo "2287"]
[BlackElo "2380"]
[PlyCount "60"]
[GameId "2130307541435711"]
[EventDate "2024.07.16"]
[EventType "swiss (blitz)"]
[EventRounds "11"]
[EventCountry "NET"]
[SourceTitle "The Week in Chess 1550"]
[Source "Mark Crowther"]
[SourceDate "2024.07.22"]
[SourceVersion "2"]
[SourceVersionDate "2024.07.24"]
[SourceQuality "2"]

1. d4 Nf6 2. c4 e6 3. Nc3 c5 4. d5 exd5 5. cxd5 d6 6. Nf3 g6 7. Nd2 Nbd7 8. Nc4 Nb6 9. e4 Bg7 10. Na3 O-O 11. Bd3 Re8 12. O-O c4 13. Bc2 Bd7 14. Bf4 Bf8 15. Re1 Rc8 16. h3 a6 17. e5 Nh5 18. Bh2 dxe5 19. Bxe5 Bc5 20. Qf3 Qh4 21. Rad1 Qg5 22. Bh2 Rxe1+ 23. Rxe1 Bxa3 24. bxa3 Qd2 25. Re2 Qc1+ 26. Bd1 Re8 27. g4 Ng7 28. Kg2 Qxa3 29. Rxe8+ Nxe8 30. d6 Nxd6 0-1

[Event "Titled Tuesday 2024.07.16 Early"]
[Site "chess.com INT"]
[Date "2024.07.16"]
[Round "2"]
[White "Le Quang Long"]
[Black "Velavaa Ragavesh"]
[Result "1-0"]
[WhiteElo "2380"]
[BlackElo "2094"]
[PlyCount "57"]
[GameId "2130307541439898"]
[EventDate "2024.07.16"]
[EventType "swiss (blitz)"]
[EventRounds "11"]
[EventCountry "NET"]
[SourceTitle "The Week in Chess 1550"]
[Source "Mark Crowther"]
[SourceDate "2024.07.22"]
[SourceVersion "2"]
[SourceVersionDate "2024.07.24"]
[SourceQuality "2"]

1. d4 f5 2. g3 Nf6 3. Bg2 e6 4. c4 Be7 5. Nh3 O-O 6. O-O d6 7. Nf4 c6 8. Nd3 Qc7 9. Bf4 Nbd7 10. c5 Nd5 11. cxd6 Bxd6 12. Bxd6 Qxd6 13. Nd2 N5f6 14. e3 b5 15. a4 Nd5 16. axb5 cxb5 17. Qb3 a6 18. e4 N5b6 19. exf5 Qxd4 20. Bxa8 Nxa8 21. fxe6 Nf6 22. e7+ Rf7 23. Rfe1 Bd7 24. Ne5 Be8 25. Rxa6 Qxd2 26. Rd1 Qe2 27. Nxf7 Ne4 28. Nh6+ Kh8 29. Qg8# 1-0

[Event "Titled Tuesday 2024.07.16 Early"]
[Site "chess.com INT"]
[Date "2024.07.16"]
[Round "3"]
[White "Le Quang Long"]
[Black "Tang, Andrew"]
[Result "0-1"]
[WhiteElo "2380"]
[BlackElo "2502"]
[PlyCount "66"]
[GameId "2130307541444082"]
[EventDate "2024.07.16"]
[EventType "swiss (blitz)"]
[EventRounds "11"]
[EventCountry "NET"]
[SourceTitle "The Week in Chess 1550"]
[Source "Mark Crowther"]
[SourceDate "2024.07.22"]
[SourceVersion "2"]
[SourceVersionDate "2024.07.24"]
[SourceQuality "2"]

1. d4 d5 2. c4 e6 3. Nc3 Be7 4. g3 Nf6 5. Bg2 O-O 6. cxd5 exd5 7. Nf3 c6 8. O-O Bf5 9. Nh4 Be6 10. Qc2 Re8 11. Rb1 a5 12. Nf5 Bf8 13. Rd1 Nbd7 14. f3 b5 15. a3 b4 16. Na4 Bxf5 17. Qxf5 Rxe2 18. Qd3 Re8 19. Bf4 Nb6 20. Nc5 Nc4 21. axb4 axb4 22. Nb3 Nd7 23. Re1 Qf6 24. Qc2 c5 25. Bh3 Ndb6 26. dxc5 Rxe1+ 27. Rxe1 Na4 28. Be3 Nxe3 29. Rxe3 Nxc5 30. Kg2 d4 31. Re1 d3 32. Qd1 Qxb2+ 33. Nd2 Ra2 0-1

[Event "Titled Tuesday 2024.07.16 Early"]
[Site "chess.com INT"]
[Date "2024.07.16"]
[Round "5"]
[White "Le Quang Long"]
[Black "Ivic, Velimir"]
[Result "0-1"]
[WhiteElo "2380"]
[BlackElo "2592"]
[PlyCount "126"]
[GameId "2130307541448352"]
[EventDate "2024.07.16"]
[EventType "swiss (blitz)"]
[EventRounds "11"]
[EventCountry "NET"]
[SourceTitle "The Week in Chess 1550"]
[Source "Mark Crowther"]
[SourceDate "2024.07.22"]
[SourceVersion "2"]
[SourceVersionDate "2024.07.24"]
[SourceQuality "2"]

1. d4 Nf6 2. c4 g6 3. g3 Bg7 4. Bg2 O-O 5. Nf3 d6 6. O-O c6 7. Nc3 Bf5 8. Nh4 Be6 9. b3 d5 10. Qd3 Na6 11. c5 Qc8 12. Re1 b6 13. cxb6 axb6 14. Bb2 Bh3 15. Bh1 Qb7 16. Qd2 Rfd8 17. Rac1 c5 18. a3 Nc7 19. Nf3 Bf5 20. e3 Ne4 21. Nxe4 dxe4 22. Nh4 Ne6 23. Nxf5 gxf5 24. Qe2 cxd4 25. exd4 Nxd4 26. Qh5 e6 27. b4 Rac8 28. Rcd1 Qe7 29. Bg2 Nf3+ 30. Bxf3 Bxb2 31. Rxd8+ Qxd8 32. Be2 Bd4 33. Rd1 Qf6 34. Kf1 Rc2 35. g4 fxg4 36. Qxg4+ Kf8 37. Qg3 Rc3 38. Qg2 Qe5 39. Qg4 Qf6 40. Qg2 Rc2 41. Qg3 Qe5 42. Qg2 Ke7 43. Qg4 Qf6 44. Qg3 Rc3 45. Qg1 h5 46. Qg2 h4 47. h3 e3 48. Kg1 exf2+ 49. Kf1 Qf4 50. Qb7+ Kf6 51. Qg2 Rc1 52. Qg4 Rxd1+ 53. Bxd1 Qxg4 54. Bxg4 Ke5 55. a4 f5 56. a5 bxa5 57. bxa5 fxg4 58. hxg4 Kf4 59. g5 Kxg5 60. a6 Ba7 61. Ke2 h3 62. Kf3 f1=Q+ 63. Kg3 Qg2# 0-1

[Event "Titled Tuesday 2024.07.16 Early"]
[Site "chess.com INT"]
[Date "2024.07.16"]
[Round "6"]
[White "Ljepic, Andrej"]
[Black "Le Quang Long"]
[Result "1-0"]
[WhiteElo "2267"]
[BlackElo "2380"]
[PlyCount "115"]
[GameId "2130307541452536"]
[EventDate "2024.07.16"]
[EventType "swiss (blitz)"]
[EventRounds "11"]
[EventCountry "NET"]
[SourceTitle "The Week in Chess 1550"]
[Source "Mark Crowther"]
[SourceDate "2024.07.22"]
[SourceVersion "2"]
[SourceVersionDate "2024.07.24"]
[SourceQuality "2"]

1. d3 c5 2. c4 Nc6 3. Nc3 g6 4. g3 Bg7 5. Bg2 Nh6 6. Nf3 O-O 7. O-O Nf5 8. Rb1 e6 9. a3 d5 10. cxd5 exd5 11. e4 dxe4 12. dxe4 Nfd4 13. Nxd4 Nxd4 14. Be3 Be6 15. Nd5 b6 16. b4 Bxd5 17. exd5 Nf5 18. Bf4 c4 19. d6 c3 20. Bxa8 Qxa8 21. Qd3 Nd4 22. f3 Re8 23. d7 Rd8 24. Qe4 Qxe4 25. fxe4 c2 26. Rbe1 Rxd7 27. Kf2 Nb3 28. e5 a5 29. Kg2 Rd4 30. Rf3 a4 31. Rc3 Rd1 32. Rf1 Rxf1 33. Kxf1 g5 34. Bxg5 Bxe5 35. Rxc2 Kg7 36. Be3 b5 37. Ke2 Kg6 38. Kd3 Kf5 39. Rf2+ Ke6 40. Ke4 Bc3 41. g4 Be5 42. h4 Bc3 43. h5 f6 44. g5 fxg5 45. Bxg5 Bd4 46. Be3 Bc3 47. h6 Be5 48. Rc2 Bf6 49. Rc7 Be7 50. Rc6+ Kf7 51. Rb6 Bf6 52. Rxb5 Bb2 53. Rb7+ Kg6 54. Rb6+ Kf7 55. Ra6 Bxa3 56. Rxa4 Bb2 57. Ra7+ Kg6 58. b5 1-0

[Event "Titled Tuesday 2024.07.16 Early"]
[Site "chess.com INT"]
[Date "2024.07.16"]
[Round "7"]
[White "Le Quang Long"]
[Black "Ugorek, Kacper"]
[Result "1-0"]
[WhiteElo "2380"]
[BlackElo "2250"]
[PlyCount "67"]
[GameId "2130307541456702"]
[EventDate "2024.07.16"]
[EventType "swiss (blitz)"]
[EventRounds "11"]
[EventCountry "NET"]
[SourceTitle "The Week in Chess 1550"]
[Source "Mark Crowther"]
[SourceDate "2024.07.22"]
[SourceVersion "2"]
[SourceVersionDate "2024.07.24"]
[SourceQuality "2"]

1. d4 Nf6 2. c4 g6 3. g3 Bg7 4. Bg2 O-O 5. Nf3 d6 6. O-O Nc6 7. Nc3 e5 8. d5 Ne7 9. e4 Nd7 10. Ne1 a5 11. Nd3 f5 12. f4 b6 13. fxe5 Nxe5 14. Nxe5 Bxe5 15. Bh6 Rf7 16. Qd2 Bd7 17. Ne2 fxe4 18. Rxf7 Kxf7 19. Rf1+ Kg8 20. Bg5 Qe8 21. Nc3 Nf5 22. Nxe4 Kg7 23. g4 Nd4 24. Bf6+ Bxf6 25. Nxf6 Ne2+ 26. Kh1 Qe7 27. Nxd7 Rd8 28. Nf6 Rf8 29. g5 h6 30. gxh6+ Kh8 31. Qg5 Nd4 32. Qxg6 Ne2 33. Be4 Nd4 34. Rg1 1-0

[Event "Titled Tuesday 2024.07.16 Early"]
[Site "chess.com INT"]
[Date "2024.07.16"]
[Round "8"]
[White "Kononenko, Dmitry2"]
[Black "Le Quang Long"]
[Result "0-1"]
[WhiteElo "2207"]
[BlackElo "2380"]
[PlyCount "58"]
[GameId "2130307541460858"]
[EventDate "2024.07.16"]
[EventType "swiss (blitz)"]
[EventRounds "11"]
[EventCountry "NET"]
[SourceTitle "The Week in Chess 1550"]
[Source "Mark Crowther"]
[SourceDate "2024.07.22"]
[SourceVersion "2"]
[SourceVersionDate "2024.07.24"]
[SourceQuality "2"]

1. d4 Nf6 2. c4 e6 3. g3 c5 4. d5 exd5 5. cxd5 d6 6. Nc3 g6 7. Bg2 Bg7 8. Nf3 O-O 9. O-O Nbd7 10. Bf4 Qe7 11. e4 Ng4 12. Re1 a6 13. a4 Nge5 14. Qc2 Nxf3+ 15. Bxf3 Ne5 16. Bg2 g5 17. Bc1 g4 18. Bf4 Bd7 19. a5 Rab8 20. Na4 Bb5 21. Nb6 Nd3 22. Re3 Nxf4 23. gxf4 Qf6 24. e5 Qxf4 25. exd6 Bd4 26. Rg3 h5 27. h3 Qxg3 28. hxg4 hxg4 29. d7 Rbd8 0-1

[Event "Titled Tuesday 2024.07.16 Early"]
[Site "chess.com INT"]
[Date "2024.07.16"]
[Round "9"]
[White "Le Quang Long"]
[Black "Sharapov, E."]
[Result "1-0"]
[WhiteElo "2380"]
[BlackElo "2375"]
[PlyCount "71"]
[GameId "2130307541460924"]
[EventDate "2024.07.16"]
[EventType "swiss (blitz)"]
[EventRounds "11"]
[EventCountry "NET"]
[SourceTitle "The Week in Chess 1550"]
[Source "Mark Crowther"]
[SourceDate "2024.07.22"]
[SourceVersion "2"]
[SourceVersionDate "2024.07.24"]
[SourceQuality "2"]

1. d4 d5 2. c4 c6 3. Nf3 Nf6 4. Nc3 e6 5. e3 Nbd7 6. Be2 dxc4 7. a4 Bb4 8. Nd2 O-O 9. Nxc4 c5 10. O-O cxd4 11. Qxd4 Nb6 12. Nb5 Qxd4 13. Nxd4 Nxc4 14. Bxc4 e5 15. Nf3 e4 16. Nd4 Bd7 17. Rd1 Rfc8 18. b3 Bc3 19. Ra2 a6 20. a5 Bxd4 21. Rxd4 Be6 22. Ba3 Bxc4 23. bxc4 Rc6 24. Rb2 Rc7 25. Bd6 Rd7 26. Be5 Rxd4 27. Bxd4 Ne8 28. Rxb7 Nd6 29. Rc7 f6 30. g4 Rb8 31. Rc6 Rb1+ 32. Kg2 Nb7 33. Rxa6 Kf7 34. Rb6 Rxb6 35. Bxb6 Ke6 36. a6 1-0

[Event "Titled Tuesday 2024.07.16 Early"]
[Site "chess.com INT"]
[Date "2024.07.16"]
[Round "10"]
[White "Le Quang Long"]
[Black "Bok, B."]
[Result "0-1"]
[WhiteElo "2380"]
[BlackElo "2587"]
[PlyCount "86"]
[GameId "2130307541465076"]
[EventDate "2024.07.16"]
[EventType "swiss (blitz)"]
[EventRounds "11"]
[EventCountry "NET"]
[SourceTitle "The Week in Chess 1550"]
[Source "Mark Crowther"]
[SourceDate "2024.07.22"]
[SourceVersion "2"]
[SourceVersionDate "2024.07.24"]
[SourceQuality "2"]

1. Nf3 d5 2. g3 c6 3. Bg2 Bg4 4. O-O Nd7 5. d4 e6 6. Nbd2 Ngf6 7. Re1 h6 8. c3 Be7 9. e4 O-O 10. h3 Bh5 11. a4 a5 12. Qb3 b6 13. e5 Nh7 14. c4 Rc8 15. Nb1 Nb8 16. Nc3 Na6 17. cxd5 exd5 18. g4 Bg6 19. e6 Bf6 20. exf7+ Rxf7 21. Ne5 Bxe5 22. Rxe5 Nb4 23. Qd1 Qf6 24. f4 Nd3 25. f5 Nxe5 26. dxe5 Qxe5 27. fxg6 Rf6 28. gxh7+ Kh8 29. Qe2 Qd6 30. Be3 Re8 31. Qd2 d4 32. Qxd4 Qg3 33. Bf2 Qc7 34. Qxb6 Qf7 35. Re1 Rf8 36. Re2 h5 37. Qxa5 Rxf2 38. Qxh5 Qa7 39. Kh1 Rf1+ 40. Kh2 Qg1+ 41. Kg3 R1f3+ 42. Kh4 Rf2 43. Bxc6 R2f6 0-1

[Event "Titled Tuesday 2024.07.16 Early"]
[Site "chess.com INT"]
[Date "2024.07.16"]
[Round "11"]
[White "Dobrowolski, P."]
[Black "Le Quang Long"]
[Result "1-0"]
[WhiteElo "2412"]
[BlackElo "2380"]
[PlyCount "77"]
[GameId "2130307541465120"]
[EventDate "2024.07.16"]
[EventType "swiss (blitz)"]
[EventRounds "11"]
[EventCountry "NET"]
[SourceTitle "The Week in Chess 1550"]
[Source "Mark Crowther"]
[SourceDate "2024.07.22"]
[SourceVersion "2"]
[SourceVersionDate "2024.07.24"]
[SourceQuality "2"]

1. e4 c6 2. Nf3 d5 3. d3 Bg4 4. h3 Bh5 5. Qe2 e6 6. g4 Bg6 7. Bg2 Nd7 8. Nc3 Ne7 9. h4 h5 10. g5 Qb6 11. O-O d4 12. Nb1 c5 13. Nbd2 Nc6 14. Nc4 Qc7 15. a4 e5 16. Bd2 Be7 17. Bh3 Nf8 18. Kh1 Ne6 19. Ncxe5 Nxe5 20. Nxe5 Qxe5 21. f4 Qd6 22. f5 Qg3 23. Qh2 Qxh4 24. fxg6 Bd6 25. gxf7+ Ke7 26. e5 Bxe5 27. Qxe5 Qxh3+ 28. Qh2 Qxh2+ 29. Kxh2 g6 30. Rf6 Nf8 31. Re1+ Kd7 32. Bf4 Rd8 33. Rd6+ Kc8 34. Re8 Nd7 35. Rxh8 Rxh8 36. Rxg6 Rf8 37. Rg8 Kd8 38. Rxf8+ Nxf8 39. Bd6 1-0

[Event "Titled Tuesday 2024.12.24 Late"]
[Site "chess.com INT"]
[Date "2024.12.24"]
[Round "1"]
[White "Guillemette, Hugo"]
[Black "Le Quang Long"]
[Result "0-1"]
[WhiteElo "2164"]
[BlackElo "2380"]
[PlyCount "64"]
[GameId "2129405226988743"]
[EventDate "2024.12.24"]
[EventType "swiss (blitz)"]
[EventRounds "11"]
[EventCountry "NET"]
[SourceTitle "The Week in Chess 1573"]
[Source "Mark Crowther"]
[SourceDate "2024.12.30"]
[SourceVersion "1"]
[SourceVersionDate "2024.12.30"]
[SourceQuality "2"]

1. d4 Nf6 2. c4 e6 3. g3 Bb4+ 4. Bd2 a5 5. Bg2 O-O 6. Nf3 d6 7. O-O Bxd2 8. Nbxd2 Nc6 9. Qc2 e5 10. d5 Nb4 11. Qb1 Bg4 12. a3 Na6 13. b4 b6 14. Qb3 Qe7 15. e3 Rfb8 16. Rfc1 h6 17. Ne1 h5 18. Nd3 h4 19. b5 Nc5 20. Nxc5 bxc5 21. a4 g6 22. e4 Kg7 23. Qe3 Rh8 24. h3 hxg3 25. hxg4 gxf2+ 26. Qxf2 Nxg4 27. Qg3 Qg5 28. Nf1 f5 29. Bf3 Rh4 30. Rc2 Rah8 31. Nh2 Nxh2 32. Kg2 Nxf3 0-1

[Event "Titled Tuesday 2024.12.24 Late"]
[Site "chess.com INT"]
[Date "2024.12.24"]
[Round "2"]
[White "Le Quang Long"]
[Black "Subervi, J."]
[Result "1-0"]
[WhiteElo "2380"]
[BlackElo "2044"]
[PlyCount "53"]
[GameId "2129405226988998"]
[EventDate "2024.12.24"]
[EventType "swiss (blitz)"]
[EventRounds "11"]
[EventCountry "NET"]
[SourceTitle "The Week in Chess 1573"]
[Source "Mark Crowther"]
[SourceDate "2024.12.30"]
[SourceVersion "1"]
[SourceVersionDate "2024.12.30"]
[SourceQuality "2"]

1. c4 c6 2. g3 d5 3. Bg2 e6 4. Nf3 f5 5. O-O Nf6 6. d3 Bd6 7. Nc3 dxc4 8. dxc4 Qe7 9. e4 e5 10. exf5 Bxf5 11. c5 Bxc5 12. Nxe5 O-O 13. Re1 Qc7 14. Bf4 g5 15. Qb3+ Kg7 16. Bxg5 Ng4 17. Nxg4 Bxg4 18. Ne4 Bb6 19. Qc3+ Kg6 20. Bf4 Rxf4 21. gxf4 Nd7 22. Qg3 h5 23. h3 Kf5 24. hxg4+ hxg4 25. Ng5 Rh8 26. Be4+ Kf6 27. Qc3+ 1-0

[Event "Titled Tuesday 2024.12.24 Late"]
[Site "chess.com INT"]
[Date "2024.12.24"]
[Round "3"]
[White "Le Quang Long"]
[Black "Lenderman, A."]
[Result "1-0"]
[WhiteElo "2380"]
[BlackElo "2480"]
[PlyCount "81"]
[GameId "2129405226989218"]
[EventDate "2024.12.24"]
[EventType "swiss (blitz)"]
[EventRounds "11"]
[EventCountry "NET"]
[SourceTitle "The Week in Chess 1573"]
[Source "Mark Crowther"]
[SourceDate "2024.12.30"]
[SourceVersion "1"]
[SourceVersionDate "2024.12.30"]
[SourceQuality "2"]

1. c4 c6 2. g3 d5 3. Bg2 Nf6 4. Nf3 a6 5. O-O dxc4 6. a4 b5 7. d3 cxd3 8. Ne5 Bb7 9. Qxd3 Qxd3 10. Nxd3 e6 11. Nd2 Nd5 12. Nb3 a5 13. Nbc5 Bc8 14. axb5 cxb5 15. Bd2 Nc6 16. Rfc1 Nd4 17. Kf1 Bxc5 18. Nxc5 O-O 19. Bxa5 Nc6 20. Bd2 Rxa1 21. Rxa1 Rd8 22. e4 Nb6 23. Ba5 Nxa5 24. Rxa5 e5 25. Rxb5 Rd6 26. Ke1 Kf8 27. Bf1 f6 28. f4 Nd7 29. Nxd7+ Bxd7 30. fxe5 fxe5 31. Rxe5 Rb6 32. Rd5 Bc6 33. Rd6 Ke7 34. e5 Rxb2 35. Rxc6 Rxh2 36. Bc4 g5 37. Rc7+ Kd8 38. Rg7 h5 39. e6 h4 40. e7+ Ke8 41. Bb5# 1-0

[Event "Titled Tuesday 2024.12.24 Late"]
[Site "chess.com INT"]
[Date "2024.12.24"]
[Round "4"]
[White "Le, Quang Liem"]
[Black "Le Quang Long"]
[Result "1-0"]
[WhiteElo "2739"]
[BlackElo "2380"]
[PlyCount "87"]
[GameId "2129405226989503"]
[EventDate "2024.12.24"]
[EventType "swiss (blitz)"]
[EventRounds "11"]
[EventCountry "NET"]
[SourceTitle "The Week in Chess 1573"]
[Source "Mark Crowther"]
[SourceDate "2024.12.30"]
[SourceVersion "1"]
[SourceVersionDate "2024.12.30"]
[SourceQuality "2"]

1. Nf3 Nf6 2. g3 b6 3. Bg2 Bb7 4. O-O e6 5. c4 Be7 6. Nc3 c5 7. Re1 O-O 8. e4 d6 9. d4 cxd4 10. Nxd4 Qc8 11. b3 Rd8 12. Bb2 Nbd7 13. Rc1 Bf8 14. Qd2 a6 15. f4 Qc7 16. Bf3 Rac8 17. g4 e5 18. Nd5 Qb8 19. Nf5 Re8 20. fxe5 Nxd5 21. exd5 dxe5 22. Re2 b5 23. Kh1 bxc4 24. bxc4 Nb6 25. Qd3 Na4 26. Ba1 g6 27. Ng3 Bh6 28. Rf1 Nc5 29. Qc3 Bf4 30. Bg2 Na4 31. Qb3 Nc5 32. Qa3 Qd6 33. Ref2 Re7 34. Rxf4 exf4 35. Qc3 f6 36. Qxf6 Qxf6 37. Bxf6 Rf7 38. Rxf4 Nd3 39. Rf3 Rxc4 40. g5 Rc1+ 41. Nf1 Nc5 42. Re3 Rd7 43. Kg1 Bxd5 44. Bh3 1-0

[Event "Titled Tuesday 2024.12.24 Late"]
[Site "chess.com INT"]
[Date "2024.12.24"]
[Round "5"]
[White "Le Quang Long"]
[Black "Zhigalko, S."]
[Result "0-1"]
[WhiteElo "2380"]
[BlackElo "2572"]
[PlyCount "82"]
[GameId "2129405226989672"]
[EventDate "2024.12.24"]
[EventType "swiss (blitz)"]
[EventRounds "11"]
[EventCountry "NET"]
[SourceTitle "The Week in Chess 1573"]
[Source "Mark Crowther"]
[SourceDate "2024.12.30"]
[SourceVersion "1"]
[SourceVersionDate "2024.12.30"]
[SourceQuality "2"]

1. c4 e5 2. g3 Nf6 3. Bg2 c6 4. d4 exd4 5. Qxd4 Na6 6. Nf3 Bc5 7. Qd1 O-O 8. Nc3 Re8 9. O-O Bf8 10. Bf4 d6 11. Qd2 Nc5 12. Rfd1 Nce4 13. Nxe4 Nxe4 14. Qc2 Bf5 15. Nh4 Nxg3 16. Nxf5 Nxe2+ 17. Kh1 Nxf4 18. Bf3 Qf6 19. Rf1 g6 20. Ng3 Bg7 21. Rab1 Re7 22. b4 Rae8 23. b5 Ne6 24. Bg2 Nd4 25. Qa4 h5 26. bxc6 bxc6 27. f3 d5 28. cxd5 cxd5 29. Rfd1 h4 30. Nf1 Ne2 31. Rxd5 Nc3 32. Qb3 Nxb1 33. Qxb1 Re1 34. Qd3 Qb6 35. Rd7 Qf2 36. Qc4 Rf8 37. Qd3 a5 38. a4 Be5 39. Qc4 Bf4 40. Qd3 Be3 41. Qc4 Qg1# 0-1

[Event "Titled Tuesday 2024.12.24 Late"]
[Site "chess.com INT"]
[Date "2024.12.24"]
[Round "6"]
[White "Hnydiuk, A."]
[Black "Le Quang Long"]
[Result "0-1"]
[WhiteElo "2342"]
[BlackElo "2380"]
[PlyCount "68"]
[GameId "2129405226989833"]
[EventDate "2024.12.24"]
[EventType "swiss (blitz)"]
[EventRounds "11"]
[EventCountry "NET"]
[SourceTitle "The Week in Chess 1573"]
[Source "Mark Crowther"]
[SourceDate "2024.12.30"]
[SourceVersion "1"]
[SourceVersionDate "2024.12.30"]
[SourceQuality "2"]

1. Nf3 Nf6 2. c4 e6 3. g3 b6 4. Bg2 Bb7 5. O-O Be7 6. Nc3 c5 7. Re1 O-O 8. e4 d6 9. d4 cxd4 10. Nxd4 Qc8 11. b3 Rd8 12. Bb2 Nbd7 13. f4 a6 14. g4 g6 15. g5 Nh5 16. Qg4 Nc5 17. Rad1 Bf8 18. f5 Re8 19. f6 Nd7 20. Nf3 Ne5 21. Nxe5 dxe5 22. Ne2 Qc5+ 23. Kh1 Red8 24. Qf3 b5 25. cxb5 axb5 26. Qc3 Rdc8 27. Qxc5 Rxc5 28. Rd7 Bc6 29. Rd2 Rxa2 30. Nc3 Rxb2 31. Rxb2 Rxc3 32. Rd1 h6 33. Kg1 Bc5+ 34. Kf1 hxg5 0-1

[Event "Titled Tuesday 2024.12.24 Late"]
[Site "chess.com INT"]
[Date "2024.12.24"]
[Round "7"]
[White "Martinovici, Ilia"]
[Black "Le Quang Long"]
[Result "1-0"]
[WhiteElo "2473"]
[BlackElo "2380"]
[PlyCount "91"]
[GameId "2129405226990061"]
[EventDate "2024.12.24"]
[EventType "swiss (blitz)"]
[EventRounds "11"]
[EventCountry "NET"]
[SourceTitle "The Week in Chess 1573"]
[Source "Mark Crowther"]
[SourceDate "2024.12.30"]
[SourceVersion "1"]
[SourceVersionDate "2024.12.30"]
[SourceQuality "2"]

1. Nf3 Nf6 2. g3 b6 3. Bg2 Bb7 4. O-O e6 5. c4 Be7 6. b3 c5 7. Bb2 O-O 8. d4 cxd4 9. Nxd4 Bxg2 10. Kxg2 Qc7 11. Nd2 Qb7+ 12. N4f3 Na6 13. e4 Nc5 14. e5 Nfe4 15. Nxe4 Qxe4 16. Re1 Qb7 17. Qe2 Rfd8 18. Rad1 a5 19. Kg1 a4 20. b4 a3 21. Bd4 Na4 22. Rb1 Rdc8 23. Nd2 Nb2 24. Bxb2 axb2 25. Rxb2 Ra4 26. Reb1 Qc7 27. Qe3 Rca8 28. c5 bxc5 29. b5 Rb4 30. a3 Rxb2 31. Rxb2 c4 32. b6 Qc6 33. b7 Rb8 34. Qa7 Qc7 35. Nxc4 Bc5 36. Qa8 h5 37. a4 h4 38. gxh4 Bd4 39. Rb4 Bc5 40. Rb3 Bd4 41. a5 Qd8 42. Nb6 Bxb6 43. Qxb8 Qxb8 44. Rxb6 Kh7 45. Rb1 f6 46. a6 1-0

[Event "Titled Tuesday 2024.12.24 Late"]
[Site "chess.com INT"]
[Date "2024.12.24"]
[Round "8"]
[White "Le Quang Long"]
[Black "Meskenas, Paulius"]
[Result "0-1"]
[WhiteElo "2380"]
[BlackElo "2203"]
[PlyCount "70"]
[GameId "2129405226990143"]
[EventDate "2024.12.24"]
[EventType "swiss (blitz)"]
[EventRounds "11"]
[EventCountry "NET"]
[SourceTitle "The Week in Chess 1573"]
[Source "Mark Crowther"]
[SourceDate "2024.12.30"]
[SourceVersion "1"]
[SourceVersionDate "2024.12.30"]
[SourceQuality "2"]

1. c4 e5 2. g3 Bc5 3. Bg2 Nc6 4. Nf3 d6 5. O-O Nf6 6. Nc3 O-O 7. d3 h6 8. a3 a5 9. e3 Bg4 10. h3 Be6 11. d4 exd4 12. exd4 Bxc4 13. dxc5 Bxf1 14. Qxf1 dxc5 15. Qb5 Nd4 16. Qxb7 Rb8 17. Qa6 Re8 18. Bf4 Rxb2 19. Rd1 Rc2 20. Nxd4 cxd4 21. Nb5 d3 22. Qxa5 Ree2 23. Be3 Qe8 24. Qa8 Rxe3 25. fxe3 Rxg2+ 26. Qxg2 Qxb5 27. Qd2 Qe5 28. Qxd3 Qxg3+ 29. Kf1 Qxh3+ 30. Ke1 Qg2 31. Rb1 Ne4 32. Rb8+ Kh7 33. Re8 f5 34. Qc4 Qd2+ 35. Kf1 Qf2# 0-1

[Event "Titled Tuesday 2025.02.18 Late"]
[Site "chess.com INT"]
[Date "2025.02.18"]
[Round "1"]
[White "Le Quang Long"]
[Black "Romero Ruscalleda, J."]
[Result "1-0"]
[WhiteElo "2380"]
[BlackElo "2161"]
[PlyCount "65"]
[GameId "2148950860010837"]
[EventDate "2025.02.18"]
[EventType "swiss (blitz)"]
[EventRounds "11"]
[EventCountry "NET"]
[SourceTitle "The Week in Chess 1581"]
[Source "Mark Crowther"]
[SourceDate "2025.02.24"]
[SourceVersion "1"]
[SourceVersionDate "2025.02.24"]
[SourceQuality "2"]

1. d4 g6 2. Nf3 Bg7 3. g3 d6 4. Bg2 Nf6 5. O-O O-O 6. c3 Nc6 7. Nbd2 Bf5 8. Nh4 Bd7 9. e4 e5 10. d5 Ne7 11. c4 c5 12. b3 b5 13. Bb2 Qc8 14. Rc1 b4 15. f4 Ng4 16. Qe2 exf4 17. Bxg7 f3 18. Nhxf3 Kxg7 19. e5 Nf5 20. e6 fxe6 21. Ng5 Ne5 22. dxe6 Bc6 23. Nde4 Nd4 24. Qe3 Qc7 25. Rcd1 Rae8 26. Rxd4 cxd4 27. Qxd4 Rxf1+ 28. Kxf1 Rf8+ 29. Kg1 Qb6 30. c5 Qa5 31. Nxd6 Bxg2 32. Qxe5+ Kh6 33. Ngf7+ 1-0